<?xml version="1.0" encoding="UTF-8"?>
<record
    xmlns:xsi="http://www.w3.org/2001/XMLSchema-instance"
    xsi:schemaLocation="http://www.loc.gov/MARC21/slim http://www.loc.gov/standards/marcxml/schema/MARC21slim.xsd"
    xmlns="http://www.loc.gov/MARC21/slim">

  <leader>     nam a22     7a 4500</leader>
  <datafield tag="999" ind1=" " ind2=" ">
    <subfield code="c">44415</subfield>
    <subfield code="d">44415</subfield>
  </datafield>
  <controlfield tag="003">OSt</controlfield>
  <controlfield tag="005">20181006121420.0</controlfield>
  <controlfield tag="008">181006b        xxu||||| |||| 00| 0 eng d</controlfield>
  <datafield tag="040" ind1=" " ind2=" ">
    <subfield code="c">SERO SOFT</subfield>
  </datafield>
  <datafield tag="100" ind1=" " ind2=" ">
    <subfield code="a">TRIPATHI,T.P</subfield>
  </datafield>
  <datafield tag="245" ind1=" " ind2=" ">
    <subfield code="a">THE CODE OF CIVIL PROCEDURE (HINDI)</subfield>
  </datafield>
  <datafield tag="260" ind1=" " ind2=" ">
    <subfield code="a">ALLAHABAD</subfield>
    <subfield code="b">ALA</subfield>
  </datafield>
  <datafield tag="300" ind1=" " ind2=" ">
    <subfield code="a">576</subfield>
  </datafield>
  <datafield tag="942" ind1=" " ind2=" ">
    <subfield code="2">ddc</subfield>
    <subfield code="c">02</subfield>
  </datafield>
  <datafield tag="952" ind1=" " ind2=" ">
    <subfield code="0">0</subfield>
    <subfield code="1">0</subfield>
    <subfield code="2">ddc</subfield>
    <subfield code="4">0</subfield>
    <subfield code="7">0</subfield>
    <subfield code="a">04</subfield>
    <subfield code="b">04</subfield>
    <subfield code="d">2018-10-06</subfield>
    <subfield code="e">Western Law House Meerut</subfield>
    <subfield code="g">490.00</subfield>
    <subfield code="i">00001203/18 -04/10/2018</subfield>
    <subfield code="l">1</subfield>
    <subfield code="p">04-B-6325</subfield>
    <subfield code="r">2019-05-29</subfield>
    <subfield code="s">2019-05-09</subfield>
    <subfield code="w">2018-10-06</subfield>
    <subfield code="y">02</subfield>
  </datafield>
  <datafield tag="952" ind1=" " ind2=" ">
    <subfield code="0">0</subfield>
    <subfield code="1">0</subfield>
    <subfield code="2">ddc</subfield>
    <subfield code="4">0</subfield>
    <subfield code="7">0</subfield>
    <subfield code="a">04</subfield>
    <subfield code="b">04</subfield>
    <subfield code="d">2018-10-06</subfield>
    <subfield code="e">Western Law House Meerut</subfield>
    <subfield code="g">490.00</subfield>
    <subfield code="i">00001203/18 -04/10/2018</subfield>
    <subfield code="l">5</subfield>
    <subfield code="p">04-B-6326</subfield>
    <subfield code="r">2025-02-17</subfield>
    <subfield code="s">2024-10-18</subfield>
    <subfield code="w">2018-10-06</subfield>
    <subfield code="y">02</subfield>
  </datafield>
  <datafield tag="952" ind1=" " ind2=" ">
    <subfield code="0">0</subfield>
    <subfield code="1">0</subfield>
    <subfield code="2">ddc</subfield>
    <subfield code="4">0</subfield>
    <subfield code="7">0</subfield>
    <subfield code="a">04</subfield>
    <subfield code="b">04</subfield>
    <subfield code="d">2018-10-06</subfield>
    <subfield code="e">Western Law House Meerut</subfield>
    <subfield code="g">490.00</subfield>
    <subfield code="i">00001203/18 -04/10/2018</subfield>
    <subfield code="l">2</subfield>
    <subfield code="p">04-B-6327</subfield>
    <subfield code="r">2020-01-11</subfield>
    <subfield code="s">2019-09-14</subfield>
    <subfield code="w">2018-10-06</subfield>
    <subfield code="y">02</subfield>
  </datafield>
  <datafield tag="952" ind1=" " ind2=" ">
    <subfield code="0">0</subfield>
    <subfield code="1">0</subfield>
    <subfield code="2">ddc</subfield>
    <subfield code="4">0</subfield>
    <subfield code="7">0</subfield>
    <subfield code="a">04</subfield>
    <subfield code="b">04</subfield>
    <subfield code="d">2018-10-06</subfield>
    <subfield code="e">Western Law House Meerut</subfield>
    <subfield code="g">490.00</subfield>
    <subfield code="i">00001203/18 -04/10/2018</subfield>
    <subfield code="l">6</subfield>
    <subfield code="p">04-B-6328</subfield>
    <subfield code="r">2025-04-07</subfield>
    <subfield code="s">2025-02-20</subfield>
    <subfield code="w">2018-10-06</subfield>
    <subfield code="y">02</subfield>
  </datafield>
  <datafield tag="952" ind1=" " ind2=" ">
    <subfield code="0">0</subfield>
    <subfield code="1">0</subfield>
    <subfield code="2">ddc</subfield>
    <subfield code="4">0</subfield>
    <subfield code="7">0</subfield>
    <subfield code="a">04</subfield>
    <subfield code="b">04</subfield>
    <subfield code="d">2018-10-06</subfield>
    <subfield code="e">Western Law House Meerut</subfield>
    <subfield code="g">490.00</subfield>
    <subfield code="i">00001203/18 -04/10/2018</subfield>
    <subfield code="l">6</subfield>
    <subfield code="p">04-B-6329</subfield>
    <subfield code="r">2026-02-06</subfield>
    <subfield code="s">2025-09-08</subfield>
    <subfield code="w">2018-10-06</subfield>
    <subfield code="y">02</subfield>
  </datafield>
  <datafield tag="952" ind1=" " ind2=" ">
    <subfield code="0">0</subfield>
    <subfield code="1">0</subfield>
    <subfield code="2">ddc</subfield>
    <subfield code="4">0</subfield>
    <subfield code="7">0</subfield>
    <subfield code="a">04</subfield>
    <subfield code="b">04</subfield>
    <subfield code="d">2018-10-06</subfield>
    <subfield code="e">Western Law House Meerut</subfield>
    <subfield code="g">490.00</subfield>
    <subfield code="i">00001203/18 -04/10/2018</subfield>
    <subfield code="l">9</subfield>
    <subfield code="p">04-B-6330</subfield>
    <subfield code="r">2024-11-05</subfield>
    <subfield code="s">2024-10-03</subfield>
    <subfield code="w">2018-10-06</subfield>
    <subfield code="y">02</subfield>
  </datafield>
  <datafield tag="952" ind1=" " ind2=" ">
    <subfield code="0">0</subfield>
    <subfield code="1">0</subfield>
    <subfield code="2">ddc</subfield>
    <subfield code="4">0</subfield>
    <subfield code="7">0</subfield>
    <subfield code="a">04</subfield>
    <subfield code="b">04</subfield>
    <subfield code="d">2018-10-06</subfield>
    <subfield code="e">Western Law House Meerut</subfield>
    <subfield code="g">490.00</subfield>
    <subfield code="i">00001203/18 -04/10/2018</subfield>
    <subfield code="l">9</subfield>
    <subfield code="p">04-B-6331</subfield>
    <subfield code="q">2026-07-31</subfield>
    <subfield code="r">2026-02-16</subfield>
    <subfield code="s">2026-02-16</subfield>
    <subfield code="w">2018-10-06</subfield>
    <subfield code="y">02</subfield>
  </datafield>
</record>
